Memoria acerca del estado de la Universidad de Granada en el curso de 1876 1877 y datos estadsticos de la enseñanza respectivos al mismo curso de todos los establecimientos de instrucción pública del distrito. (Record no. 173601)

MARC details
000 -LEADER
campo de control de longitud fija 00595nam a2200145 i 4500
001 - NÚMERO DE CONTROL
campo de control 173601
003 - IDENTIFICADOR DE NÚMERO DE CONTROL
campo de control ES-MaACL
005 - FECHA Y HORA DE LA ÚLTIMA TRANSACCIÓN
campo de control 20230906215302.0
008 - DATOS DE LONGITUD FIJA--INFORMACIÓN GENERAL
campo de control de longitud fija 091211s1878 sp |||| | spa d
245 00 - MENCIÓN DEL TÍTULO
Título Memoria acerca del estado de la Universidad de Granada en el curso de 1876 1877 y datos estadsticos de la enseñanza respectivos al mismo curso de todos los establecimientos de instrucción pública del distrito.
260 ## - PUBLICACIÓN, DISTRIBUCIÓN, ETC.
Lugar de publicación, distribución, etc. Granada :
Nombre del editor, distribuidor, etc. [s.n.],
Fecha de publicación, distribución, etc. 1878 (
Fabricante Imp. de Ventura Sabatel)
300 ## - DESCRIPCIÓN FÍSICA
Extensión 203 p. ;
Dimensiones 31 cm.
710 2# - ENTRADA AGREGADA--NOMBRE DE ENTIDAD CORPORATIVA
Nombre de entidad corporativa o nombre de jurisdicción como elemento de entrada Universidad de Granada.
9 (RLIN) 7176
852 ## - LOCALIZACIÓN
Ubicación ES-MaACL
Número de control de estantería T-298-F-4
Holdings
Estatus retirado Estado de pérdida Estado de daño No para préstamo Colección Biblioteca de origen Biblioteca actual Ubicación en estantería Fecha de adquisición Fuente de adquisición Total de préstamos Signatura topográfica completa Código de barras Visto por última vez Precio de reemplazo Tipo de ítem Koha
        Colección de folletos Biblioteca del Ateneo de Madrid Biblioteca del Ateneo de Madrid Depósito folletos 11/12/2009     T-298-F-4 1182183 23/02/2023 23/02/2023 Folleto